El Derecho Penal del enemigo de Günther Jakobs y el enemigo de Carl Schmitt y del régimen Nazi.

Spremljeno u:
Bibliografski detalji
Glavni autor: Llobet Rodríguez, Javier (autor)
Daljnji autori: Agurto Gonzáles, Carlos Antonio (edición), Quequejana Mamani, Sonia Lidia (edición), Choque Cuenca, Benigno (edición)
Format: Knjiga
Izdano: Santiago, Chile: Ediciones Olejnik, 2021.
Izdanje:Primera edición en Ediciones Olejnik.
Serija:Biblioteca de Derecho Penal y Procesal Penal.
Teme:
Oznake: Dodaj oznaku
Bez oznaka, Budi prvi tko označuje ovaj zapis!

MARC

LEADER 00000nam a22000007a 4500
003 CL-VaPUC
005 20250331161251.0
008 250325t2021 ||||| |||| 00| 0 eng d
999 |c 447665  |d 447663 
020 |a 978-956-407-045-2 
040 |c Pontificia Universidad Católica de Valparaíso 
082 |a 345.43 LLO 2021 
100 |9 897562  |a Llobet Rodríguez, Javier  |e autor 
245 |a El Derecho Penal del enemigo de Günther Jakobs y el enemigo de Carl Schmitt y del régimen Nazi. 
250 |a Primera edición en Ediciones Olejnik. 
260 |a Santiago, Chile:  |b Ediciones Olejnik,  |c 2021. 
300 |a 148 páginas. 
490 |a Biblioteca de Derecho Penal y Procesal Penal. 
500 |a c.1. Donación Rectoría. Biblioteca de Derecho.20-01-2025. 
583 |c 20250325  |k Gabriela Rodríguez Cuevas 
600 0 |9 857963  |a Jakobs, Günther  |d 1937-  |x Pensamiento jurídico  
600 0 |a Schmitt, Carl,  |d 1888-1985  |x Pensamiento jurídico   |9 258380 
650 0 |9 11  |a Derecho penal  |x Filosofía  |z Alemania 
650 0 |9 873456  |a Nacionalsocialismo  |x Derecho penal 
650 0 |9 256168  |a Criminología  |x Estudio comparativo 
700 |9 876257  |a Agurto Gonzáles, Carlos Antonio   |e edición  
700 |9 876258  |a Quequejana Mamani, Sonia Lidia   |e edición  
700 |9 876259  |a Choque Cuenca, Benigno  |e edición  
942 |2 ddc  |c BK 
952 |0 0  |1 0  |2 ddc  |4 0  |6 345_430000000000000_LLO_2021  |7 0  |8 A  |9 601896  |a BIBDER  |b BIBDER  |d 2025-03-25  |e Donación  |i 5666730  |l 1  |m 2  |o 345.43 LLO 2021  |p 5666730  |q 2025-05-12  |r 2025-04-21  |s 2025-04-21  |t 1  |w 2025-03-25  |y BK  |k DER